[Event "Mogi Guacu op"]
[Site "Mogi Guacu"]
[Date "2022.09.25"]
[Round "5"]
[White "Ferreira, Gabriel Duque"]
[Black "Da Silva, Anderson Rodrigues"]
[Result "1-0"]
[WhiteElo "1848"]
[BlackElo "1800"]
[PlyCount "79"]
[EventDate "2022.09.23"]
[EventType "swiss"]
[EventRounds "6"]
[EventCountry "BRA"]
[SourceTitle "EXT 2023"]
[Source "ChessBase"]
[SourceDate "2022.10.05"]
[SourceVersion "1"]
[SourceVersionDate "2022.10.05"]
[SourceQuality "1"]

1. c4 g6 2. Nc3 Bg7 3. Nf3 e6 4. d4 Ne7 5. e4 c6 6. h4 d5 7. h5 dxe4 8. Nxe4 Nf5 9. h6 Bxd4 10. Nxd4 Qxd4 11. Qc2 Na6 12. Bd2 Nc5 13. Bc3 Qxe4+ 14. Qxe4 Nxe4 15. Bxh8 Bd7 16. g4 Nfd6 17. Be5 0-0-0 18. f3 f6 19. Bh2 Ng5 20. Bxd6 Nxf3+ 21. Kf2 Ng5 22. Bg2 Be8 23. Rad1 f5 24. Be7 Rxd1 25. Rxd1 Nf7 26. g5 Bd7 27. Bf6 e5 28. Re1 e4 29. Rd1 a6 30. Ke3 Be6 31. b3 Kc7 32. Bxe4 fxe4 33. Kxe4 Bf5+ 34. Kf4 b5 35. Re1 Kd6 36. Re7 Be6 37. c5+ Kd5 38. b4 Nd8 39. Rxh7 Nf7 40. Rxf7 1-0

[Event "Mogi Guacu op"]
[Site "Mogi Guacu"]
[Date "2022.09.24"]
[Round "4"]
[White "Da Silva, Anderson Rodrigues"]
[Black "Rosseto, Evandro"]
[Result "0-1"]
[WhiteElo "1800"]
[BlackElo "1800"]
[PlyCount "68"]
[EventDate "2022.09.23"]
[EventType "swiss"]
[EventRounds "6"]
[EventCountry "BRA"]
[SourceTitle "EXT 2023"]
[Source "ChessBase"]
[SourceDate "2022.10.05"]
[SourceVersion "1"]
[SourceVersionDate "2022.10.05"]
[SourceQuality "1"]

1. d4 Nf6 2. e3 d5 3. Bd3 c5 4. c3 Nc6 5. f4 Bg4 6. Nf3 e6 7. Nbd2 cxd4 8. cxd4 Be7 9. a3 0-0 10. 0-0 Rc8 11. h3 Bf5 12. Bxf5 exf5 13. Nh4 Qd7 14. Ndf3 Ne4 15. Qe1 a6 16. b4 b5 17. Bb2 Bxh4 18. Qxh4 h6 19. Rac1 Rc7 20. Rc2 f6 21. Rfc1 Rfc8 22. g4 fxg4 23. hxg4 Ne7 24. Rxc7 Rxc7 25. Rxc7 Qxc7 26. g5 Qc2 27. gxf6 gxf6 28. Qg4+ Kf8 29. Qg2 Qd3 30. Bc1 Nf5 31. Ne1 Qd1 32. Qc2 Qxe1+ 33. Kh2 Qg3+ 34. Kh1 Nf2+ 0-1

[Event "Mogi Guacu op"]
[Site "Mogi Guacu"]
[Date "2022.09.24"]
[Round "3"]
[White "De Freitas, Rames Fialho"]
[Black "Da Silva, Anderson Rodrigues"]
[Result "0-1"]
[WhiteElo "1832"]
[BlackElo "1800"]
[PlyCount "54"]
[EventDate "2022.09.23"]
[EventType "swiss"]
[EventRounds "6"]
[EventCountry "BRA"]
[SourceTitle "EXT 2023"]
[Source "ChessBase"]
[SourceDate "2022.10.05"]
[SourceVersion "1"]
[SourceVersionDate "2022.10.05"]
[SourceQuality "1"]

1. d4 e6 2. Nf3 Nc6 3. e4 d6 4. c4 f5 5. e5 Bd7 6. Nc3 h6 7. d5 Nb4 8. dxe6 Bxe6 9. Nd4 Qe7 10. Qa4+ Nc6 11. Nd5 Bxd5 12. cxd5 Qxe5+ 13. Be3 Qxd5 14. 0-0-0 Nge7 15. Nxc6 Qe4 16. Rd4 Qxc6+ 17. Qxc6+ Nxc6 18. Bb5 a6 19. Ra4 Kd7 20. Bd4 axb5 21. Rxa8 Nxd4 22. Rd1 Ne6 23. Ra3 f4 24. Ra7 b6 25. a4 bxa4 26. Rxa4 g5 27. Re4 Nc5 0-1